000 01068nam0a22003491 4500
001 RU\NLR\A1SV\44376
005 20251203171251.9
035 _a(NLR Aleph) 009726533
090 _a9893102
_c9893102
100 _a20021114d1926 u y0rusy50 ca
101 1 _arus
_cfre
102 _aRU
200 1 _aСлучай в Корпюскю
_eРоман
_fЖозеф Жолинон
_gПер. с фр.
_gПод ред. [и с предисл.] Р.Ф.Куллэ
210 _aЛ.
_cВремя
_d1926
215 _a149 с.
_d20 см
620 _dСанкт-Петербург
700 1 _4070
_7ca
_8rus
_aЖолинон
_bЖ.
_f1887-1971
_gЖозеф
_9177576
_3RU\NLR\AUTH\770177627
702 1 _aКуллэ
_bР. Ф.
_f1885-1938
_gРоберт Фредерикович
801 0 _aRU
_bNLR
_c20021114
852 _aNLR
_j24/83
852 _aNLR
_jЛ 60 В-3/414
899 _aГПИБ
899 _aРКП
899 _aРГБ
899 _aLitNB
899 _aLatNB
899 _aNLG
899 _aНБ ТГУ
942 _cBOOK
980 _aNB
980 _aA1SV